000 00386nam a2200169Ia 4500
100 _aTaub/Herbert/ Schilling/Donald
650 _aCommunication
250 _a3
942 _cBK
366 _f25
245 _aTaub's Principles of communication systems
260 _bMcGraw Hill
_c2008
082 _a621.3804
_bTAU
300 _a842
546 _aENGLISH
_cPAMPHALETS
999 _c20474
_d20474